The friendship / (Record no. 2575)

MARC details
000 -LEADER
fixed length control field 01034cam a2200301 i 4500
005 - DATE AND TIME OF LATEST TRANSACTION
control field 20240108095016.0
020 ## - INTERNATIONAL STANDARD BOOK NUMBER
International Standard Book Number 9780140389647
040 ## - CATALOGING SOURCE
Original cataloging agency DLC
Transcribing agency DLC
Description conventions rda
Modifying agency DLC
Language of cataloging eng
050 00 - LIBRARY OF CONGRESS CALL NUMBER
Classification number PZ7.T21723
Item number 1998
082 00 - DEWEY DECIMAL CLASSIFICATION NUMBER
Classification number 813
100 1# - MAIN ENTRY--PERSONAL NAME
Personal name Taylor, Mildred D
Relator term author
245 14 - TITLE STATEMENT
Title The friendship /
Statement of responsibility, etc. Mildred D. Taylor ; pictures by Max Ginsburg
250 ## - EDITION STATEMENT
Edition statement Printed in the United States of America
260 ## - PUBLICATION, DISTRIBUTION, ETC.
Place of publication, distribution, etc. New York :
Name of publisher, distributor, etc. Penguin Books,
Date of publication, distribution, etc. 1987
300 ## - PHYSICAL DESCRIPTION
Extent 53 pages :
Other physical details illustrations ;
Dimensions 20 cm
500 ## - GENERAL NOTE
General note First published in 1987 by Dial Books.
505 ## - FORMATTED CONTENTS NOTE
Formatted contents note R <br/>
520 ## - SUMMARY, ETC.
Summary, etc. Four children witness a confrontation between an elderly black man and a white storekeeper in rural Mississippi in the 1930s.
521 1# - TARGET AUDIENCE NOTE
Target audience note 750 <br/>
Source Lexile <br/>
521 1# - TARGET AUDIENCE NOTE
Target audience note R <br/>
Source Raz-Plus <br/>
650 #1 - SUBJECT ADDED ENTRY--TOPICAL TERM
Topical term or geographic name entry element African Americans
Form subdivision Fiction.
650 #1 - SUBJECT ADDED ENTRY--TOPICAL TERM
Topical term or geographic name entry element Race relations
Form subdivision Fiction.
650 #1 - SUBJECT ADDED ENTRY--TOPICAL TERM
Topical term or geographic name entry element Prejudices
Form subdivision Fiction.
700 1# - ADDED ENTRY--PERSONAL NAME
Personal name Ginsburg, Max
Relator term illustrator
906 ## - LOCAL DATA ELEMENT F, LDF (RLIN)
a 7
b cbc
c origcop
d 2
e ncip
f 20
g y-gencatlg
942 ## - ADDED ENTRY ELEMENTS (KOHA)
Source of classification or shelving scheme Dewey Decimal Classification
Koha item type Books
Suppress in OPAC No
999 ## -
-- 2575
-- 2575
Holdings
Withdrawn status Lost status Source of classification or shelving scheme Damaged status Not for loan Collection Home library Current library Shelving location Date acquired Total Checkouts Full call number Barcode Date last seen Price effective from Koha item type
    Dewey Decimal Classification     Juvenile Fiction Footprints International School Library Network Toul Kork Campus Footprints International School Library Network Toul Kork Campus   01/02/2024   TAY 813 PZ7.T21723 FISTK00330 01/02/2024 01/02/2024 Books